Fascículos de ortografía 2

Salvato in:
Dettagli Bibliografici
Autore principale: Rodríguez, Gustavo (Autore)
Ente Autore: Instituto de Filología Hispánica (Autore)
Natura: Libro
Lingua:spagnolo
Pubblicazione: Valdivia Universidad Austral de Chile 1987
Soggetti:
Tags: Aggiungi Tag
Nessun Tag, puoi essere il primo ad aggiungerne!!

MARC

LEADER 00000nam a2200000 a 4500
001 UCQ7590
003 CL-VaPUC
008 981113e19870000CL |||||||||||||||||spa|d
082 0 4 |a 461  |b ROD  |2 21 
100 0 |a Rodríguez, Gustavo  |e author  |9 421342 
110 2 |a Instituto de Filología Hispánica  |e author  |9 421343 
245 1 0 |a Fascículos de ortografía 2 
300 |a 37 p 
942 |c BK 
945 |d 19981113 00:00:00  |a crobeson 
260 |a Valdivia  |b Universidad Austral de Chile  |c 1987 
650 0 |a Español  |9 255372 
650 0 |a Ortografía  |9 309144 
650 7 |a REGLAS ORTOGRAFICAS  |2 CL-VaPUC  |9 421344 
650 0 |a Acentuación  |9 389778 
583 |a last modification  |c 19981113 00:00:00  |k Rodrigo Vera 
999 |c 277118  |d 277116 
952 |0 0  |1 0  |4 0  |6 461_000000000000000_ROD_1987  |7 0  |8 A  |9 314863  |a FDOPOS  |b FDOPOS  |d 2019-11-20  |i 1493450  |o 461 ROD 1987  |p 1493450  |r 2023-08-09  |w 2019-11-20  |y BK  |k MLA